000 00192nmm a2200085Ia 4500
008 220120s9999||||xx |||||||||||||||||und||
100 _aEFY
245 0 _aKnoppix 7.7.1
260 _aEFY enterprises
999 _c140022
_d140022